Drawings and plans of Frank Lloyd Wright : (Record no. 353659)
[ view plain ]
| 000 -LEADER | |
|---|---|
| fixed length control field | 01097pam a2200277 a 4500 |
| 001 - CONTROL NUMBER | |
| control field | 1860939 |
| 003 - CONTROL NUMBER IDENTIFIER | |
| control field | OSt |
| 005 - DATE AND TIME OF LATEST TRANSACTION | |
| control field | 20180116192414.0 |
| 008 - FIXED-LENGTH DATA ELEMENTS--GENERAL INFORMATION | |
| fixed length control field | 820915r19831910nyua 000 0 eng |
| 010 ## - LIBRARY OF CONGRESS CONTROL NUMBER | |
| LC control number | 82018229 |
| 020 ## - INTERNATIONAL STANDARD BOOK NUMBER | |
| International Standard Book Number | 0486244571 (pbk.) |
| 040 ## - CATALOGING SOURCE | |
| Original cataloging agency | DLC |
| Transcribing agency | DLC |
| Modifying agency | DLC |
| 050 00 - LIBRARY OF CONGRESS CALL NUMBER | |
| Classification number | NA737.W7 |
| Item number | A4 1983 |
| 082 00 - DEWEY DECIMAL CLASSIFICATION NUMBER | |
| Classification number | 720/.22/2 |
| Edition number | 19 |
| 100 1# - MAIN ENTRY--PERSONAL NAME | |
| Personal name | Wright, Frank Lloyd, |
| Dates associated with a name | 1867-1959. |
| 9 (RLIN) | 6378 |
| 240 10 - UNIFORM TITLE | |
| Uniform title | Ausgeführte Bauten und Entwürfe. |
| Language of a work | English |
| 245 10 - TITLE STATEMENT | |
| Title | Drawings and plans of Frank Lloyd Wright : |
| Remainder of title | the early period (1893-1909) / |
| Statement of responsibility, etc. | by Frank Lloyd Wright. |
| 260 ## - PUBLICATION, DISTRIBUTION, ETC. | |
| Place of publication, distribution, etc. | New York : |
| Name of publisher, distributor, etc. | Dover Publications, |
| Date of publication, distribution, etc. | c1983. |
| 300 ## - PHYSICAL DESCRIPTION | |
| Extent | ca. 100 p. : |
| Other physical details | chiefly ill. ; |
| Dimensions | 35 cm. |
| 500 ## - GENERAL NOTE | |
| General note | Originally published as: Ausgeführte Bauten und Entwürfe. Berlin : E. Wasmuth, 1910. German text omitted. |
| 600 10 - SUBJECT ADDED ENTRY--PERSONAL NAME | |
| Personal name | Wright, Frank Lloyd, |
| Dates associated with a name | 1867-1959. |
| 9 (RLIN) | 6379 |
| 856 42 - ELECTRONIC LOCATION AND ACCESS | |
| Materials specified | Publisher description |
| Uniform Resource Identifier | <a href="http://www.loc.gov/catdir/enhancements/fy0709/82018229-d.html">http://www.loc.gov/catdir/enhancements/fy0709/82018229-d.html</a> |
| 906 ## - LOCAL DATA ELEMENT F, LDF (RLIN) | |
| a | 7 |
| b | cbc |
| c | orignew |
| d | 1 |
| e | ocip |
| f | 19 |
| g | y-gencatlg |
| 942 ## - ADDED ENTRY ELEMENTS (KOHA) | |
| Source of classification or shelving scheme | |
| Koha item type | Book |
| Withdrawn status | Lost status | Source of classification or shelving scheme | Damaged status | Not for loan | Permanent Location | Current Location | Date acquired | Total Checkouts | Full call number | Barcode | Date last seen | Date last checked out | Copy number | Cost, replacement price | Price effective from | Koha item type |
|---|---|---|---|---|---|---|---|---|---|---|---|---|---|---|---|---|
| School of Art Design and Architecture (SADA) | School of Art Design and Architecture (SADA) | 08/27/2012 | 5 | 720.222 WRI 1983 | SADA0001854 | 04/06/2016 | 03/17/2016 | 1 | 1244.00 | 02/15/2013 | Book |
